<?xml version="1.0" encoding="UTF-8"?>
<record
    xmlns:xsi="http://www.w3.org/2001/XMLSchema-instance"
    xsi:schemaLocation="http://www.loc.gov/MARC21/slim http://www.loc.gov/standards/marcxml/schema/MARC21slim.xsd"
    xmlns="http://www.loc.gov/MARC21/slim">

  <leader>00760nam a22002057a 4500</leader>
  <controlfield tag="003">OSt</controlfield>
  <controlfield tag="005">20140310181808.0</controlfield>
  <controlfield tag="008">130704t        xxu||||| |||| 00| 0 eng d</controlfield>
  <datafield tag="020" ind1=" " ind2=" ">
    <subfield code="a">1876689285 </subfield>
  </datafield>
  <datafield tag="050" ind1=" " ind2=" ">
    <subfield code="a">TH 4817</subfield>
    <subfield code="b">.F566 2005</subfield>
  </datafield>
  <datafield tag="082" ind1=" " ind2=" ">
    <subfield code="a">REF 643 </subfield>
    <subfield code="b">F58 2005</subfield>
  </datafield>
  <datafield tag="245" ind1=" " ind2=" ">
    <subfield code="a">Fix it yourself : </subfield>
    <subfield code="b">a practical guide to essential home repairs and maintenance /</subfield>
  </datafield>
  <datafield tag="260" ind1=" " ind2=" ">
    <subfield code="a">London : </subfield>
    <subfield code="b">Reader's Digest Assoc., Ltd, </subfield>
    <subfield code="c">c2005.  </subfield>
  </datafield>
  <datafield tag="300" ind1=" " ind2=" ">
    <subfield code="a">399 p. ;</subfield>
    <subfield code="b">ill, col. ;</subfield>
    <subfield code="c">30 cm.</subfield>
  </datafield>
  <datafield tag="520" ind1=" " ind2=" ">
    <subfield code="a">1. Household appliances--Maintenance and repair--Amateur manuals.  2. Electric maintenance and repair--Amateur manuals.  3. Furniture manuals--Repairing--Amateur manuals.  </subfield>
  </datafield>
  <datafield tag="521" ind1=" " ind2=" ">
    <subfield code="a">Basic Ed. Students</subfield>
  </datafield>
  <datafield tag="541" ind1=" " ind2=" ">
    <subfield code="g">15600</subfield>
    <subfield code="j">1</subfield>
  </datafield>
  <datafield tag="562" ind1=" " ind2=" ">
    <subfield code="e">1</subfield>
  </datafield>
  <datafield tag="942" ind1=" " ind2=" ">
    <subfield code="2">lcc</subfield>
    <subfield code="c">BK-GR</subfield>
    <subfield code="k">REF</subfield>
  </datafield>
  <datafield tag="999" ind1=" " ind2=" ">
    <subfield code="c">3836</subfield>
    <subfield code="d">3836</subfield>
  </datafield>
  <datafield tag="952" ind1=" " ind2=" ">
    <subfield code="0">0</subfield>
    <subfield code="1">0</subfield>
    <subfield code="2">lcc</subfield>
    <subfield code="4">0</subfield>
    <subfield code="a">LUX</subfield>
    <subfield code="b">LUX</subfield>
    <subfield code="c">REF</subfield>
    <subfield code="d">2013-07-04</subfield>
    <subfield code="l">0</subfield>
    <subfield code="o">TH 4817 .F566 2005</subfield>
    <subfield code="p">15600</subfield>
    <subfield code="r">2015-06-01 00:00:00</subfield>
    <subfield code="t">1</subfield>
    <subfield code="w">2013-07-04</subfield>
    <subfield code="y">BK</subfield>
  </datafield>
</record>
